Health economics in the Philippine setting (Record no. 6291)

MARC details
000 -LEADER
fixed length control field 00733nam a22002177a 4500
003 - CONTROL NUMBER IDENTIFIER
control field OSt
005 - DATE AND TIME OF LATEST TRANSACTION
control field 20251125142838.0
008 - FIXED-LENGTH DATA ELEMENTS--GENERAL INFORMATION
fixed length control field 251125b |||||||| |||| 00| 0 eng d
020 ## - INTERNATIONAL STANDARD BOOK NUMBER
International Standard Book Number 971-513-175-1
040 ## - CATALOGING SOURCE
Original cataloging agency DWC-Main Lib
Transcribing agency OC
082 ## - DEWEY DECIMAL CLASSIFICATION NUMBER
Edition number Revised edition
Classification number Fil. 338.4 H434 2005
245 ## - TITLE STATEMENT
Title Health economics in the Philippine setting
250 ## - EDITION STATEMENT
Edition statement Revised edition
260 ## - PUBLICATION, DISTRIBUTION, ETC.
Place of publication, distribution, etc. Manila :
Name of publisher, distributor, etc. Educational Publishing House,
Date of publication, distribution, etc. c2005
300 ## - PHYSICAL DESCRIPTION
Extent xi, 270 pages :
Dimensions 23 cm.
504 ## - BIBLIOGRAPHY, ETC. NOTE
Bibliography, etc. note Includes bibliographical index
650 ## - SUBJECT ADDED ENTRY--TOPICAL TERM
Source of heading or term Medical economics
700 ## - ADDED ENTRY--PERSONAL NAME
Personal name EPH STAFF
Relator term editor
700 ## - ADDED ENTRY--PERSONAL NAME
Personal name EPH STAFF
Relator term compiler
942 ## - ADDED ENTRY ELEMENTS (KOHA)
Source of classification or shelving scheme Dewey Decimal Classification
Koha item type Book-Filipiniana
Edition Revised edition
Classification part Fil. 338.4 H434 2005
Call number prefix Fil.
Suppress in OPAC No
952 ## - LOCATION AND ITEM INFORMATION (KOHA)
--
952 ## - LOCATION AND ITEM INFORMATION (KOHA)
--
952 ## - LOCATION AND ITEM INFORMATION (KOHA)
--
Holdings
Withdrawn status Lost status Source of classification or shelving scheme Damaged status Not for loan Home library Current library Shelving location Date acquired Source of acquisition Cost, normal purchase price Total Checkouts Full call number Barcode Date last seen Copy number Price effective from Koha item type Uniform Resource Identifier
    Dewey Decimal Classification     HM & Nursing Library HM & Nursing Library Filipiniana 09/14/2005 School Fund 250.00   Fil. 338.4 H434 2005 HMN42402 11/25/2025 c3 11/25/2025 BK - FIL
    Dewey Decimal Classification     HM & Nursing Library HM & Nursing Library Filipiniana 09/14/2005 School Fund 250.00   Fil. 338.4 H434 2005 HMN42401 11/25/2025 c2 11/25/2025 BK - FIL
    Dewey Decimal Classification     HM & Nursing Library HM & Nursing Library Filipiniana 09/14/2005 School Fund 250.00   Fil. 338.4 H434 2005 HMN42400 11/25/2025 c1 11/25/2025 BK - FIL